[Event "HUN-ch U10/14"]
[Site "Buek"]
[Date "2023.06.24"]
[Round "8"]
[White "Dobra, Adam"]
[Black "Kiss, Mate Botond"]
[Result "1/2-1/2"]
[WhiteElo "1239"]
[BlackElo "1204"]
[PlyCount "45"]
[EventDate "2023.06.17"]
[EventType "swiss"]
[EventRounds "9"]
[EventCountry "HUN"]
[SourceTitle "CBM 215 Extra"]
[Source "ChessBase"]
[SourceDate "2023.09.30"]
[SourceVersion "1"]
[SourceVersionDate "2023.09.30"]
[SourceQuality "1"]

1. e4 e5 2. Nf3 Nc6 3. c3 Nf6 4. d4 d6 5. d5 Ne7 6. Bg5 h6 7. Bxf6 gxf6 8. h3 Bg7 9. c4 c6 10. Nc3 Ng6 11. Be2 Nf4 12. Bf1 Qb6 13. Qc2 Bd7 14. Ne2 Ng6 15. g3 Rc8 16. Nc3 Ne7 17. Qd2 a6 18. Rd1 Rd8 19. Bg2 Qc7 20. Qe2 Qc8 21. Qd3 Qc7 22. Qe2 Qc8 23. Qd3 1/2-1/2

[Event "HUN-ch U10/14"]
[Site "Buek"]
[Date "2023.06.22"]
[Round "6"]
[White "Dobra, Adam"]
[Black "Marton John, Almos Kiran"]
[Result "0-1"]
[WhiteElo "1239"]
[BlackElo "1614"]
[PlyCount "88"]
[EventDate "2023.06.17"]
[EventType "swiss"]
[EventRounds "9"]
[EventCountry "HUN"]
[SourceTitle "CBM 215 Extra"]
[Source "ChessBase"]
[SourceDate "2023.09.30"]
[SourceVersion "1"]
[SourceVersionDate "2023.09.30"]
[SourceQuality "1"]

1. e4 Nf6 2. Nc3 d5 3. exd5 Nxd5 4. Bc4 e6 5. Nge2 Be7 6. 0-0 0-0 7. d3 b6 8. Bxd5 exd5 9. d4 Bb7 10. Bf4 Nd7 11. Re1 Nf6 12. Ng3 Qd7 13. Re2 c5 14. Be3 Rad8 15. Rd2 Rfe8 16. Re2 b5 17. a3 c4 18. Qd2 a5 19. Bg5 h6 20. Bxf6 Bxf6 21. Rae1 Bc6 22. Nd1 Qa7 23. c3 b4 24. Rxe8+ Rxe8 25. Rxe8+ Bxe8 26. Ne3 Bc6 27. Ne2 bxa3 28. bxa3 Qb7 29. Nc2 Be7 30. h3 Ba4 31. Ng3 Qb1+ 32. Ne1 Bxa3 33. Nf1 Bb2 34. Qe3 Qc1 35. Qe5 Bxc3 36. Nf3 Bb4 37. Qxd5 c3 38. Qd8+ Kh7 39. Qc7 f6 40. Qb7 c2 41. Qe4+ Kg8 42. Qa8+ Bf8 43. Qd5+ Kh8 44. Qa8 Qa3 0-1